000 00220nam a22000857a 4500
008 160702b xxu||||| |||| 00| 0 eng d
100 _91777
_a Pandey, V.C
245 _aIntelligence & Motivation
260 _aDelhi
_b Isha
_c2005
999 _c1480
_d1480